[Event "OLNW 1819 SV Hellern - MTV Tostedt"]
[Site "?"]
[Date "2018.12.16"]
[Round "4.6"]
[White "Lewin, Tammo"]
[Black "Haerig, Wilfried"]
[Result "0-1"]
[WhiteElo "2065"]
[BlackElo "2085"]
[PlyCount "92"]
[EventDate "2018.??.??"]

1. d4 Nf6 2. c4 c5 3. d5 b5 4. Qc2 d6 5. e4 bxc4 6. Bxc4 g6 7. Nf3 Bg7 8. Nc3
O-O 9. O-O Ba6 10. Bxa6 Nxa6 11. a3 Nd7 12. Bf4 Nc7 13. Rad1 a6 14. Rfe1 f6 15.
Ne2 f5 16. Nc3 fxe4 17. Qxe4 Nf6 18. Qc4 Rb8 19. Bc1 Qd7 20. Ng5 Rbe8 21. Ne6
Nxe6 22. Rxe6 Qb7 23. Rde1 Rf7 24. h3 Ref8 25. R6e2 Nh5 26. Bg5 Bd4 27. Nd1 Nf6
28. Bxf6 Bxf6 29. Ne3 Bd4 30. Ng4 Rf4 31. Re4 Rxg4 32. hxg4 Bxf2+ 33. Kh2 Bxe1
34. Rxe1 Rf7 35. Re2 Qb5 36. Qe4 Qb3 37. Qe6 Kg7 38. Qe4 Qd1 39. Qc4 a5 40.
Qc3+ Kg8 41. Qc4 Qf1 42. Qb5 Kg7 43. Qc4 Qf6 44. Qe4 Kf8 45. Kg3 g5 46. Qc2 Qh6
0-1

[Event "OLNW 1819 SV Hellern - MTV Tostedt"]
[Site "?"]
[Date "2018.12.16"]
[Round "4.8"]
[White "Gronde, Ingo"]
[Black "Krueger, Robin Kevin"]
[Result "1/2-1/2"]
[WhiteElo "2216"]
[BlackElo "1981"]
[PlyCount "73"]
[EventDate "2018.??.??"]

1. e4 e5 2. Nf3 Nc6 3. Bc4 Bc5 4. c3 Nf6 5. d3 O-O 6. O-O d5 7. exd5 Nxd5 8.
Re1 Bg4 9. h3 Bh5 10. Nbd2 Nb6 11. Bb5 f6 12. Ne4 Be7 13. Ng3 Be8 14. Nf5 a6
15. Bxc6 Bxc6 16. N3d4 Bd7 17. Qb3+ Kh8 18. Ne6 Bxe6 19. Qxe6 Re8 20. Qf7 Bf8
21. d4 exd4 22. Bf4 Rxe1+ 23. Rxe1 Qd5 24. Qxd5 Nxd5 25. Bd2 dxc3 26. bxc3 Kg8
27. a4 b5 28. c4 bxc4 29. Rc1 c3 30. Bxc3 Nxc3 31. Rxc3 g6 32. Ne3 Rb8 33. Nd5
Rb1+ 34. Kh2 Bd6+ 35. g3 Be5 36. Rc6 Rd1 37. Nxf6+ {(=)} 1/2-1/2

[Event "OLNW 1819 Delmenhorster SK - HSK Lister"]
[Site "?"]
[Date "2018.12.16"]
[Round "4.1"]
[White "Voege, Tobias"]
[Black "Korsus, Bernd"]
[Result "1/2-1/2"]
[WhiteElo "2207"]
[BlackElo "2328"]
[PlyCount "30"]
[EventDate "2018.??.??"]

1. d4 Nf6 2. c4 e6 3. Nc3 Bb4 4. Nf3 O-O 5. Bg5 c5 6. e3 cxd4 7. exd4 h6 8. Bh4
d5 9. cxd5 exd5 10. Be2 Nc6 11. O-O Be6 12. Rc1 Be7 13. Ne5 Rc8 14. Na4 Nxe5
15. Rxc8 Nf3+ {(=)} 1/2-1/2

[Event "OLNW 1819 Delmenhorster SK - HSK Lister"]
[Site "?"]
[Date "2018.12.16"]
[Round "4.2"]
[White "Margraf, Daniel"]
[Black "Buchenau, Frank"]
[Result "0-1"]
[WhiteElo "2261"]
[BlackElo "2289"]
[PlyCount "68"]
[EventDate "2018.??.??"]

1. e4 c6 2. d4 d5 3. Nc3 dxe4 4. Nxe4 Bf5 5. Ng3 Bg6 6. Nf3 e6 7. h4 h6 8. h5
Bh7 9. Bd3 Bxd3 10. Qxd3 Nf6 11. Bd2 Be7 12. O-O-O O-O 13. Ne5 c5 14. dxc5 Bxc5
15. Ne4 Be7 16. Nxf6+ Bxf6 17. Qg3 Bxe5 18. Qxe5 Nc6 19. Qg3 Qf6 20. f4 Nd4 21.
Kb1 Qf5 22. Bc3 Qxc2+ 23. Ka1 Nf5 24. Qf3 Rfd8 25. Rc1 Qd3 26. Qxb7 Ne3 27. a3
Rab8 28. Qe7 Nc2+ 29. Ka2 Qd5+ 30. Kb1 Rd7 31. Qh4 Nxa3+ 32. Ka1 Nb5 33. Be5
Rb6 34. Rh3 Ra6+ 0-1

[Event "OLNW 1819 Delmenhorster SK - HSK Lister"]
[Site "?"]
[Date "2018.12.16"]
[Round "4.3"]
[White "Polster, Christian"]
[Black "Hoeffer, David"]
[Result "1-0"]
[WhiteElo "2306"]
[BlackElo "2259"]
[PlyCount "105"]
[EventDate "2018.??.??"]

1. e4 e5 2. Nf3 Nc6 3. d4 exd4 4. Nxd4 Nf6 5. Nc3 Bb4 6. Nxc6 Bxc3+ 7. bxc3
bxc6 8. Bd3 O-O 9. O-O Qe7 10. Re1 Qe5 11. Bd2 d6 12. h3 Rb8 13. f4 Qc5+ 14.
Kh1 Re8 15. Qf3 Qa5 16. Rad1 Ba6 17. c4 Qh5 18. g4 Qc5 19. Be3 Qb4 20. Bxa7 Rb7
21. Bd4 Nd7 22. Qf1 c5 23. Ba1 Qa4 24. e5 Rbb8 25. Kh2 Nb6 26. exd6 cxd6 27.
Rxe8+ Rxe8 28. Re1 d5 29. Rxe8+ Qxe8 30. cxd5 c4 31. Qe2 Qb8 32. Be4 Qxf4+ 33.
Kg2 Qd6 34. Bf3 Bb5 35. Qe5 Qxe5 36. Bxe5 Nd7 37. Bd6 f5 38. Kf2 Kf7 39. Ke3
Kf6 40. Kd4 g6 41. gxf5 gxf5 42. Be2 Kg5 43. Bxc4 Bxc4 44. Kxc4 Kh4 45. Kd4
Kxh3 46. c4 Kg4 47. c5 f4 48. c6 Nb6 49. Bc5 f3 50. Ke5 Nc4+ 51. Ke6 Nd2 52. c7
Ne4 53. c8=Q 1-0

[Event "OLNW 1819 Delmenhorster SK - HSK Lister"]
[Site "?"]
[Date "2018.12.16"]
[Round "4.4"]
[White "Steingraeber, Kai Uwe"]
[Black "Hoerstmann, Rudi"]
[Result "0-1"]
[WhiteElo "2035"]
[BlackElo "2218"]
[PlyCount "128"]
[EventDate "2018.??.??"]

1. e4 g6 2. d4 Bg7 3. Nc3 d6 4. f4 Nf6 5. Nf3 O-O 6. e5 dxe5 7. fxe5 Nd5 8. Ne4
Bf5 9. Ng3 Bg4 10. Be2 c5 11. O-O Nc6 12. dxc5 Nc7 13. Rb1 Be6 14. a3 Nxe5 15.
Bf4 Nxf3+ 16. Bxf3 Nd5 17. Bc1 Qc7 18. Ne4 Rad8 19. Qe1 b6 20. c4 Nf4 21. cxb6
axb6 22. b3 Bf5 23. Be3 Ne6 24. g4 Bxe4 25. Bxe4 Nd4 26. Qf2 Qd6 27. Bd5 e5 28.
b4 Kh8 29. Rbd1 f5 30. g5 f4 31. Bxd4 exd4 32. Rxd4 Be5 33. Re4 Rf5 34. h4 h6
35. Qg2 Rdf8 36. Rf3 Kg7 37. Qg4 b5 38. Re2 h5 39. Qg2 bxc4 40. Be4 Bd4+ 41.
Kh1 Re5 42. Bc2 Be3 43. Re1 Rd5 44. Qf1 Rd4 45. Rd1 Bd2 46. b5 Re8 47. a4 Qd5
48. Qg2 Rf8 49. Qe2 Rf7 50. Kh2 Qd6 51. Kh1 Re7 52. Qg2 c3 53. Qf2 Re3 54. Qg2
Qe6 55. Rdf1 Re2 56. R1f2 Re5 57. Rf1 Qa2 58. Bd1 c2 59. Bxc2 Qxc2 60. Rxf4
Rxf4 61. Qb7+ Kf8 62. Qb8+ Re8 63. Qd6+ Kg8 64. Qd5+ Kh8 0-1

[Event "OLNW 1819 Delmenhorster SK - HSK Lister"]
[Site "?"]
[Date "2018.12.16"]
[Round "4.5"]
[White "Hoerstmann, Martin"]
[Black "Pahl, Erik"]
[Result "1/2-1/2"]
[WhiteElo "2249"]
[BlackElo "1984"]
[PlyCount "115"]
[EventDate "2018.??.??"]

1. d4 Nf6 2. c4 g6 3. Nc3 Bg7 4. e4 O-O 5. Nf3 c6 6. Bd3 d6 7. h3 e5 8. d5 Nbd7
9. Bg5 Nc5 10. Bc2 a5 11. a3 Qc7 12. O-O Bd7 13. b4 Na6 14. dxc6 bxc6 15. Rb1
axb4 16. axb4 Rab8 17. b5 Nc5 18. Qe2 Ne6 19. Rfd1 Nxg5 20. Nxg5 Rfd8 21. Bd3
Nh5 22. Qa2 h6 23. Nf3 Nf4 24. Bf1 Ne6 25. bxc6 Bxc6 26. Nb5 Qe7 27. Re1 Nc5
28. Qc2 h5 29. Nc3 Bh6 30. Nd5 Bxd5 31. cxd5 Qc7 32. Bd3 Rdc8 33. Qc4 Qa5 34.
Ra1 Qd8 35. Rab1 Ra8 36. Bc2 Na4 37. Qd3 Rc3 38. Qe2 Qc7 39. Bxa4 Rxa4 40. Qb5
Ra2 41. Qe8+ Kg7 42. h4 Rc1 43. Rexc1 Bxc1 44. Rb8 Kf6 45. Qh8+ Ke7 46. Qe8+
Kf6 47. g3 Bh6 48. Ng5 Bxg5 49. Qh8+ Ke7 50. Qe8+ Kf6 51. Qh8+ Ke7 52. hxg5
Qc1+ 53. Kg2 Rxf2+ 54. Kxf2 Qd2+ 55. Kf1 Qd1+ 56. Kf2 Qd2+ 57. Kg1 Qe3+ 58. Kh2
{(=)} 1/2-1/2

[Event "OLNW 1819 Delmenhorster SK - HSK Lister"]
[Site "?"]
[Date "2018.12.16"]
[Round "4.6"]
[White "Sturm, Tobias"]
[Black "Hampel, Felix"]
[Result "0-1"]
[WhiteElo "2019"]
[BlackElo "2232"]
[PlyCount "56"]
[EventDate "2018.??.??"]

1. e4 c5 2. c3 Nf6 3. e5 Nd5 4. Nf3 e6 5. d4 cxd4 6. cxd4 d6 7. Bc4 Be7 8. O-O
O-O 9. Qe2 b6 10. Nbd2 a5 11. Ne4 dxe5 12. dxe5 Ba6 13. Bg5 Bxg5 14. Nfxg5 h6
15. Nf3 Nf4 16. Qc2 Qc7 17. Rfc1 Bb7 18. Nd6 Bxf3 19. gxf3 Qe7 20. Bf1 Nd7 21.
Qe4 Qg5+ 22. Kh1 Nxe5 23. Nc4 Ned3 24. Rc2 Rac8 25. Rd2 f5 26. Qd4 Rfd8 27.
Qxb6 Rxc4 28. Qxe6+ Nxe6 0-1

[Event "OLNW 1819 Delmenhorster SK - HSK Lister"]
[Site "?"]
[Date "2018.12.16"]
[Round "4.7"]
[White "Gentemann, Moritz"]
[Black "Pahl, Theis"]
[Result "1-0"]
[WhiteElo "2190"]
[BlackElo "2021"]
[PlyCount "86"]
[EventDate "2018.??.??"]

1. c4 c5 2. Nf3 Nc6 3. d4 cxd4 4. Nxd4 Nf6 5. Nc3 e6 6. a3 d5 7. cxd5 Nxd5 8.
Nxc6 bxc6 9. Qc2 Be7 10. e4 Nxc3 11. Qxc3 O-O 12. Be2 Qc7 13. O-O Bf6 14. Qc2
Rb8 15. Rb1 Rd8 16. Be3 Be5 17. g3 Qa5 18. Rfd1 Rxd1+ 19. Bxd1 Ba6 20. Be2 Bxe2
21. Qxe2 Qa4 22. Qd3 g6 23. b4 Bf6 24. Bc5 a5 25. bxa5 Rxb1+ 26. Qxb1 Qxa5 27.
Qb8+ Qd8 28. Qb7 Bd4 29. Qxc6 Bxc5 30. Qxc5 Qd3 31. Qc8+ Kg7 32. Qa8 g5 33. e5
h5 34. Kg2 h4 35. gxh4 gxh4 36. Qf3 Qd4 37. Qf6+ Kg8 38. h3 Qe4+ 39. Kh2 Qd4
40. Qg5+ Kh7 41. Qe3 Qa4 42. Kg2 Kg6 43. Qf3 Qa5 1-0

[Event "OLNW 1819 Delmenhorster SK - HSK Lister"]
[Site "?"]
[Date "2018.12.16"]
[Round "4.8"]
[White "Grebener, Soeren"]
[Black "Seidler, Stefan"]
[Result "1-0"]
[WhiteElo "2005"]
[BlackElo "2083"]
[PlyCount "117"]
[EventDate "2018.??.??"]

1. e4 e6 2. d4 d5 3. Nd2 Nf6 4. e5 Nfd7 5. c3 c5 6. Bd3 Nc6 7. Ne2 cxd4 8. cxd4
Nb6 9. O-O g6 10. Nf3 h6 11. b3 Bd7 12. Be3 a5 13. a4 Nb4 14. Bb1 Nc8 15. Bd2
Na7 16. Nf4 Rg8 17. Nd3 Nac6 18. Qe2 Qb6 19. Be3 Nxd3 20. Qxd3 Nb4 21. Qd2 Rh8
22. Rc1 Rc8 23. Rxc8+ Bxc8 24. Ne1 Bd7 25. h4 Qc7 26. Nd3 Qc8 27. Nf4 Bg7 28.
h5 g5 29. Ne2 Qc7 30. f4 gxf4 31. Bxf4 Kd8 32. Nc3 Qb6 33. Be3 Kc8 34. Nd1 Kb8
35. Nf2 Qd8 36. Nd3 Bf8 37. Nxb4 Bxb4 38. Qf2 Qf8 39. Bd3 Qg7 40. Rf1 Be8 41.
Bd2 Rg8 42. Bxb4 axb4 43. Be2 Qg5 44. Bf3 f5 45. exf6 Qxf6 46. Qd2 Qg5 47. Qe2
Bd7 48. Qe1 Be8 49. Qxe6 Bxh5 50. Bxd5 Rd8 51. Rf5 Qc1+ 52. Kh2 Qc7+ 53. Qe5
Bg6 54. Qxc7+ Kxc7 55. Re5 Bc2 56. Kg3 b6 57. Kh4 Bg6 58. g4 Rf8 59. Re6 1-0

[Event "OLNW 1819 SF Hannover - SK Union Oldenb"]
[Site "?"]
[Date "2018.12.16"]
[Round "4.1"]
[White "Bredemeier, Dirk"]
[Black "Ackermann, Dennie"]
[Result "1/2-1/2"]
[WhiteElo "2291"]
[BlackElo "2153"]
[PlyCount "121"]
[EventDate "2018.??.??"]

1. c4 e5 2. g3 Nf6 3. Bg2 c6 4. Nf3 e4 5. Nd4 Qb6 6. Nb3 a5 7. a4 d5 8. cxd5
cxd5 9. d3 Bb4+ 10. Kf1 O-O 11. Be3 Qe6 12. h3 Nc6 13. Nc3 Bd7 14. Nb5 Rad8 15.
Kg1 Ne5 16. N3d4 Qe7 17. Rc1 Rc8 18. Ra1 h6 19. Bf4 Rfe8 20. Kh2 g5 21. Bc1 Bc5
22. Rg1 Ng6 23. Bd2 b6 24. Bc3 Kh7 25. Qd2 Rg8 26. Nb3 Bxb5 27. axb5 Rge8 28.
Nd4 Qd6 29. Kh1 Ne5 30. Rac1 Qd7 31. Kh2 Bxd4 32. Bxd4 Rxc1 33. Rxc1 Qxb5 34.
Qc3 Nfd7 35. dxe4 dxe4 36. Bxe4+ Kg8 37. Kg2 Nf6 38. Bc6 Nxc6 39. Qxc6 Qd5+ 40.
Qxd5 Nxd5 41. Kf3 h5 42. e3 Re6 43. Rc8+ Kh7 44. Rd8 Ne7 45. Rb8 Nc6 46. Rb7
Nxd4+ 47. exd4 Kg7 48. d5 Re5 49. d6 Kf6 50. Rxb6 Ke6 51. h4 Rf5+ 52. Ke3 g4
53. Ra6 Re5+ 54. Kd4 Rd5+ 55. Kc4 Rf5 56. b3 f6 57. Kd4 Rd5+ 58. Ke4 Re5+ 59.
Kd3 Rd5+ 60. Ke4 Re5+ 61. Kd3 1/2-1/2

[Event "OLNW 1819 SF Hannover - SK Union Oldenb"]
[Site "?"]
[Date "2018.12.16"]
[Round "4.3"]
[White "Wittje, Berthold"]
[Black "Pawelzik, Malte"]
[Result "1/2-1/2"]
[WhiteElo "2229"]
[BlackElo "2133"]
[PlyCount "73"]
[EventDate "2018.??.??"]

1. Nf3 Nf6 2. c4 g6 3. g3 c6 4. b3 Bg7 5. Bb2 d5 6. Bg2 Qb6 7. cxd5 Ne4 8. d4
cxd5 9. O-O Nc6 10. Nc3 Nxc3 11. Bxc3 O-O 12. Qd2 a5 13. Ne5 a4 14. Nxc6 bxc6
15. bxa4 Rxa4 16. e3 Ba6 17. Rfb1 Qa7 18. Rb4 Bc4 19. Rxa4 Qxa4 20. Bb4 Re8 21.
Bf3 e5 22. Bc5 h5 23. Bd1 Qa6 24. a4 exd4 25. Bxd4 c5 26. Bxg7 Kxg7 27. Rb1 Qf6
28. Qc1 h4 29. a5 Re6 30. Bg4 Ra6 31. Qd2 hxg3 32. hxg3 Qg5 33. Qc3+ Qf6 34.
Qd2 Qd8 35. Qc3+ Qf6 36. Qd2 Qd8 37. Qc3+ 1/2-1/2

[Event "OLNW 1819 SF Hannover - SK Union Oldenb"]
[Site "?"]
[Date "2018.12.16"]
[Round "4.4"]
[White "Kaimer, Thomas"]
[Black "Meessen, Max"]
[Result "1/2-1/2"]
[WhiteElo "2136"]
[BlackElo "2208"]
[PlyCount "137"]
[EventDate "2018.??.??"]

1. e4 c5 2. Nf3 d6 3. d4 cxd4 4. Nxd4 Nf6 5. Nc3 Nc6 6. Bc4 Qb6 7. Nb3 e6 8.
O-O Be7 9. Bg5 a6 10. Qd2 Qc7 11. Rad1 b5 12. Bd3 O-O 13. f3 b4 14. Ne2 d5 15.
Bxf6 Bxf6 16. exd5 exd5 17. c3 Be6 18. Kh1 bxc3 19. Nxc3 Rfc8 20. Bb1 Rab8 21.
Nxd5 Bxd5 22. Qxd5 Bxb2 23. Qd3 g6 24. Qxa6 Be5 25. g3 Nb4 26. Qe2 Bf6 27. Rc1
Qa7 28. Kg2 Nd5 29. Rxc8+ Rxc8 30. Qf2 Qa3 31. Qd2 Rd8 32. Kh1 Nc3 33. Qc1 Qa6
34. Nc5 Qe2 35. Qe1 Qc4 36. Ne4 Bg7 37. Qc1 Rb8 38. Nxc3 Bxc3 39. Rf2 Re8 40.
Qc2 Re1+ 41. Kg2 Qb4 42. Rf1 Re6 43. a4 Bd2 44. Qd3 Rd6 45. Qe4 Qxe4 46. Bxe4
Bc3 47. Rf2 Rd4 48. Bc2 Kf8 49. f4 Ke7 50. Re2+ Kd6 51. Bb3 Rb4 52. Bxf7 Rxa4
53. Re6+ Kc5 54. Bg8 Ra7 55. g4 Rg7 56. Re8 Kd6 57. Kf3 Re7 58. Rxe7 Kxe7 59.
Bxh7 Kf6 60. h4 Kg7 61. Bxg6 Kxg6 62. Ke2 Bf6 63. h5+ Kh6 64. Ke3 Bb2 65. Ke4
Ba1 66. Kf5 Bb2 67. Ke6 Bc3 68. Kf7 Bb2 69. Ke6 1/2-1/2

[Event "OLNW 1819 SF Hannover - SK Union Oldenb"]
[Site "?"]
[Date "2018.12.16"]
[Round "4.5"]
[White "Schuette, Marc"]
[Black "Herrmann, Andreas"]
[Result "1-0"]
[WhiteElo "2066"]
[BlackElo "2162"]
[PlyCount "75"]
[EventDate "2018.??.??"]

1. e4 c5 2. c3 e6 3. d4 a6 4. Nf3 Qc7 5. Bd3 Nc6 6. a3 b5 7. O-O Bb7 8. Re1 Nf6
9. Bg5 h6 10. Bh4 Qb6 11. dxc5 Bxc5 12. b4 Be7 13. Nbd2 d6 14. a4 O-O 15. Qe2
Rac8 16. axb5 axb5 17. Bxb5 Na7 18. Bd3 Rxc3 19. Nc4 Rxc4 20. Bxc4 g5 21. Nxg5
hxg5 22. Bxg5 Rc8 23. Be3 Qxb4 24. Rxa7 Rxc4 25. Rxb7 Qxb7 26. Qxc4 Nxe4 27.
Qd3 d5 28. Rb1 Qa8 29. Bd4 Bd6 30. Qh3 e5 31. Rc1 Kg7 32. Be3 d4 33. Rc8 Qa1+
34. Bc1 Nd2 35. Qg4+ Kf6 36. Qh4+ Ke6 37. Qg4+ Kd5 38. Qe2 1-0

[Event "OLNW 1819 SF Hannover - SK Union Oldenb"]
[Site "?"]
[Date "2018.12.16"]
[Round "4.6"]
[White "Ploog, Martin"]
[Black "Wagner, Jan"]
[Result "0-1"]
[WhiteElo "2101"]
[BlackElo "2154"]
[PlyCount "44"]
[EventDate "2018.??.??"]

1. e4 g6 2. d4 Bg7 3. Nf3 d6 4. c4 Bg4 5. Be2 Nc6 6. Be3 e5 7. d5 Bxf3 8. Bxf3
Nd4 9. Nd2 Ne7 10. Nb3 c5 11. g3 Qd7 12. Bg2 O-O 13. O-O f5 14. f4 fxe4 15.
Bxe4 Nef5 16. Bxd4 exd4 17. Bxf5 Qxf5 18. Qd2 Rae8 19. Rae1 b5 20. Qc1 bxc4 21.
Qxc4 g5 22. fxg5 Rxe1 0-1

[Event "OLNW 1819 SF Hannover - SK Union Oldenb"]
[Site "?"]
[Date "2018.12.16"]
[Round "4.7"]
[White "Buerckner, Hartmut"]
[Black "Edel, Thomas"]
[Result "1-0"]
[WhiteElo "2159"]
[BlackElo "2083"]
[PlyCount "115"]
[EventDate "2018.??.??"]

1. Nf3 d5 2. c4 c6 3. b3 Nf6 4. g3 Bg4 5. Bg2 e6 6. Bb2 Nbd7 7. O-O Bd6 8. d3
O-O 9. Nbd2 Qe7 10. Rc1 e5 11. h3 Bxf3 12. Bxf3 Rfe8 13. Re1 a5 14. Bg2 h6 15.
a4 Bb4 16. Bc3 Bxc3 17. Rxc3 d4 18. Rc1 Nc5 19. Qc2 Qd7 20. Rcd1 Rad8 21. Nf3
Qc7 22. e3 Ne6 23. e4 Nc5 24. h4 Qb6 25. Nd2 Qb4 26. Rc1 Qc3 27. Bf1 Qxc2 28.
Rxc2 Nfd7 29. Rb1 Nb8 30. b4 axb4 31. Rxb4 Nba6 32. Rb1 Re7 33. Ra2 Ra8 34. Ra3
Kf8 35. Bh3 Nb8 36. a5 Ke8 37. f4 f6 38. Nf3 Nbd7 39. h5 b6 40. a6 Kd8 41. fxe5
fxe5 42. Kf1 Ra7 43. Ke2 Kc7 44. Bxd7 Nxd7 45. Nh4 Nc5 46. Ng6 Re6 47. Rf1 Kd6
48. Rf8 Rxa6 49. Rd8+ Kc7 50. Rxa6 Nxa6 51. Rg8 b5 52. Rxg7+ Kd6 53. Nf8 Re8
54. cxb5 Rxf8 55. bxa6 Ra8 56. a7 Ke6 57. Rc7 Kd6 58. Rh7 1-0

[Event "OLNW 1819 SF Hannover - SK Union Oldenb"]
[Site "?"]
[Date "2018.12.16"]
[Round "4.8"]
[White "Streich, Gerhard"]
[Black "Heinemann, Ernst"]
[Result "1/2-1/2"]
[WhiteElo "2074"]
[BlackElo "2072"]
[PlyCount "92"]
[EventDate "2018.??.??"]

1. d4 Nf6 2. Nf3 c5 3. d5 e6 4. Nc3 exd5 5. Nxd5 Nxd5 6. Qxd5 Be7 7. Bf4 Nc6 8.
c3 O-O 9. e3 Qb6 10. Qb3 d5 11. Qxb6 axb6 12. Bb5 Be6 13. O-O Na7 14. Bd3 h6
15. h3 Nc8 16. Rfd1 Bd6 17. a3 Bxf4 18. exf4 g6 19. Kh2 Ne7 20. Ne5 Rfd8 21. g4
d4 22. c4 f6 23. Nf3 Bf7 24. Re1 Re8 25. g5 hxg5 26. fxg5 fxg5 27. Rg1 Nc6 28.
Rxg5 Re6 29. Rag1 Rae8 30. h4 Ne5 31. Nxe5 Rxe5 32. h5 Kg7 33. Bxg6 Rxg5 34.
Rxg5 Re1 35. Bxf7+ Kxf7 36. h6 Re6 37. Rh5 Kg8 38. h7+ Kh8 39. Kg2 Re2 40. b4
cxb4 41. axb4 Rc2 42. c5 bxc5 43. bxc5 d3 44. Kf3 d2 45. Ke2 d1=Q+ 46. Kxd1
Rxf2 1/2-1/2

[Event "OLNW 1819 Hannover 96 - Hamelner SV"]
[Site "?"]
[Date "2019.01.20"]
[Round "5.2"]
[White "Schulze, Torben"]
[Black "Tonndorf, Matthias"]
[Result "1-0"]
[WhiteElo "2304"]
[BlackElo "2189"]
[PlyCount "59"]
[EventDate "2019.??.??"]

1. e4 c5 2. g3 d5 3. exd5 Nf6 4. Bg2 Nxd5 5. Ne2 Nc6 6. O-O Nf6 7. d3 e6 8. b3
Be7 9. Bb2 O-O 10. d4 Qa5 11. c4 Rd8 12. d5 exd5 13. cxd5 Nb4 14. Nbc3 Bf5 15.
Nf4 Rac8 16. a3 Nc2 17. Rc1 Nd4 18. Re1 Bd6 19. Nce2 Bxf4 20. Nxf4 Bc2 21. b4
Qa4 22. Qd2 Bf5 23. Rxc5 Nb3 24. Rxc8 Rxc8 25. Qd1 Bc2 26. Qe2 Re8 27. Qf1 Ne4
28. Re3 Nbd2 29. Qe2 Nb1 30. Bxe4 1-0

[Event "OLNW 1819 Hannover 96 - Hamelner SV"]
[Site "?"]
[Date "2019.01.20"]
[Round "5.4"]
[White "Schulz, Daniel"]
[Black "Renner, Kai"]
[Result "0-1"]
[WhiteElo "2067"]
[BlackElo "2177"]
[PlyCount "172"]
[EventDate "2019.??.??"]

1. d4 f5 2. g3 Nf6 3. Bg2 g6 4. Nf3 Bg7 5. O-O O-O 6. b3 d6 7. Bb2 Ne4 8. c4
Nc6 9. Nbd2 Nxd2 10. Qxd2 e5 11. d5 Nb8 12. Ng5 Qe7 13. Rfd1 h6 14. Ne6 Bxe6
15. dxe6 e4 16. Bxg7 Kxg7 17. Qd4+ Rf6 18. f3 Nc6 19. Qc3 exf3 20. exf3 Kh7 21.
Re1 Re8 22. f4 Rxe6 23. Kf1 Rxe1+ 24. Rxe1 Qxe1+ 25. Qxe1 Rxe1+ 26. Kxe1 Nd8
27. Kd2 Kg7 28. Ke3 Kf6 29. Bf3 c5 30. Bd5 b6 31. Bf3 Ne6 32. Kd2 g5 33. Ke3
gxf4+ 34. gxf4 Nc7 35. Bb7 Ne6 36. Bf3 Nf8 37. Bd5 Ng6 38. Bf3 Ne7 39. Bb7 Ke6
40. Kf3 d5 41. cxd5+ Nxd5 42. a3 Nc3 43. a4 Na2 44. Bc8+ Kf6 45. Ba6 Nb4 46.
Bc4 Nc6 47. Ke3 Ne7 48. Kf3 Nc8 49. Bd5 Nd6 50. Ke3 Ke7 51. Kf3 Ne8 52. Bc4 Nc7
53. Ke3 Ne6 54. Bd3 Kf6 55. Bc4 Nc7 56. Kf3 a6 57. Bd3 b5 58. axb5 axb5 59. Ke3
Ke6 60. Kf3 b4 61. Bc4+ Kf6 62. Ke3 Ne8 63. Be2 Nd6 64. Kd3 Ke6 65. Bf3 Kd7 66.
Bd5 Kc7 67. Bf3 Kb6 68. Bd5 Kb5 69. Be6 Kc6 70. Bg8 Nb5 71. Ke3 Kd6 72. Bc4 Nd4
73. Kf2 Ke7 74. Ke3 Kf6 75. Kf2 Kg6 76. Kg3 Nc2 77. Bd3 Nd4 78. Bc4 Nc6 79. Bd5
Ne7 80. Bc4 Nc8 81. Be2 Nd6 82. Kf2 c4 83. bxc4 b3 84. Bd3 b2 85. Ke3 Nxc4+ 86.
Kd4 Na3 0-1

[Event "OLNW 1819 Hannover 96 - Hamelner SV"]
[Site "?"]
[Date "2019.01.20"]
[Round "5.5"]
[White "Schmidt, Dennis"]
[Black "Adibekian, Roubik"]
[Result "1/2-1/2"]
[WhiteElo "2035"]
[BlackElo "2194"]
[PlyCount "69"]
[EventDate "2019.??.??"]

1. Nf3 Nf6 2. g3 b6 3. d3 Bb7 4. e4 d6 5. Bg2 e5 6. O-O Be7 7. Nc3 O-O 8. Nh4
Re8 9. Nf5 Bf8 10. f4 g6 11. fxe5 Rxe5 12. Nh6+ Bxh6 13. Bxh6 Nbd7 14. Qd2 Ne8
15. Rae1 f6 16. d4 Re7 17. Nd5 Bxd5 18. exd5 Rxe1 19. Rxe1 Ng7 20. Bh3 f5 21.
Re2 Nf6 22. Qe1 Ne4 23. Bg2 Qf6 24. c3 Qf7 25. Bxe4 fxe4 26. Bxg7 Kxg7 27. Rxe4
Qxd5 28. Re7+ Kg8 29. Rxc7 Qxa2 30. Qe7 Qb1+ 31. Kg2 Qc2+ 32. Kh3 Qf5+ 33. Kg2
Qc2+ 34. Kh3 Qf5+ 35. Kg2 {(=)} 1/2-1/2

[Event "OLNW 1819 Hannover 96 - Hamelner SV"]
[Site "?"]
[Date "2019.01.20"]
[Round "5.6"]
[White "Usachyi, Vladimir"]
[Black "Gerstmann, Frank"]
[Result "1/2-1/2"]
[WhiteElo "2125"]
[BlackElo "2133"]
[PlyCount "84"]
[EventDate "2019.??.??"]

1. d4 Nf6 2. c4 g6 3. Nc3 Bg7 4. e4 d6 5. f4 O-O 6. Nf3 c5 7. dxc5 dxc5 8. Qxd8
Rxd8 9. e5 Ne8 10. Be3 b6 11. Be2 Nc6 12. Kf2 f6 13. Rad1 Bb7 14. Nd5 fxe5 15.
fxe5 Nxe5 16. Ng5 Bxd5 17. cxd5 Nf6 18. Bf4 Bh6 19. Bxe5 Bxg5 20. Bf3 Nd7 21.
Bg3 Rac8 22. Rhe1 Bf6 23. Bg4 h5 24. Be6+ Kg7 25. Re2 h4 26. Bf4 g5 27. Be3 Rc7
28. d6 exd6 29. Rxd6 Nf8 30. Rxd8 Bxd8 31. Bg4 Rf7+ 32. Ke1 Ng6 33. Bd2 Bf6 34.
b3 Re7 35. Rxe7+ Nxe7 36. Be6 Nc6 37. Bd5 Nd4 38. h3 Kf8 39. Kf2 Ke7 40. a4 Kd6
41. Bg8 Nc6 42. Ke3 Nd4 1/2-1/2

[Event "OLNW 1819 Hannover 96 - Hamelner SV"]
[Site "?"]
[Date "2019.01.20"]
[Round "5.7"]
[White "Koch, Yannick"]
[Black "Kiselev, Alexander"]
[Result "1-0"]
[WhiteElo "2089"]
[BlackElo "2121"]
[PlyCount "53"]
[EventDate "2019.??.??"]

1. d4 d5 2. c4 dxc4 3. Nf3 Nf6 4. e3 Bg4 5. Bxc4 e6 6. O-O a6 7. Nc3 Nc6 8. Be2
Bd6 9. b3 O-O 10. Bb2 Qd7 11. Nd2 Bxe2 12. Qxe2 e5 13. d5 Nb4 14. e4 Nc2 15.
Rac1 Nd4 16. Qd1 b5 17. Nf3 Nxf3+ 18. Qxf3 Rac8 19. Rfd1 Qe7 20. Ne2 Nd7 21.
Ng3 Bc5 22. Nf5 Qf6 23. Qg4 Rfd8 24. Rd3 g6 25. Nh6+ Kg7 26. Rf3 Qxf3 27. Qxf3
1-0

[Event "OLNW 1819 HSK Lister Turm - SF Hannover"]
[Site "?"]
[Date "2019.01.20"]
[Round "5.1"]
[White "Ackermann, Dennie"]
[Black "Voege, Tobias"]
[Result "0-1"]
[WhiteElo "2157"]
[BlackElo "2210"]
[PlyCount "70"]
[EventDate "2019.??.??"]

1. b3 d5 2. Bb2 c5 3. e3 Nc6 4. Bb5 Nf6 5. Bxc6+ bxc6 6. Nf3 g6 7. O-O Bg7 8.
d3 O-O 9. Nbd2 Nd7 10. Bxg7 Kxg7 11. e4 a5 12. a4 e5 13. Re1 Qc7 14. Qe2 Ba6
15. Nf1 Rae8 16. Ng3 f5 17. exf5 e4 18. Ng5 gxf5 19. Nh5+ Kh8 20. Qe3 Qd6 21.
Nf4 Re7 22. dxe4 fxe4 23. g3 Ne5 24. Red1 Qf6 25. h4 h6 26. Ngh3 Nf3+ 27. Kh1
d4 28. Qc1 Qf5 29. h5 Rg7 30. c4 Bc8 31. Rf1 Qe5 32. Kg2 Bg4 33. Rh1 Bxh3+ 34.
Nxh3 e3 35. Ra2 Nh4+ {(ZÜ)} 0-1

[Event "OLNW 1819 HSK Lister Turm - SF Hannover"]
[Site "?"]
[Date "2019.01.20"]
[Round "5.3"]
[White "Pawelzik, Malte"]
[Black "Polster, Christian"]
[Result "0-1"]
[WhiteElo "2136"]
[BlackElo "2315"]
[PlyCount "82"]
[EventDate "2019.??.??"]

1. e4 c5 2. Nf3 d6 3. d4 cxd4 4. Nxd4 Nf6 5. Nc3 a6 6. Bg5 Nbd7 7. Qe2 h6 8.
Bh4 g6 9. f4 e5 10. fxe5 dxe5 11. O-O-O Qc7 12. Nd5 Nxd5 13. exd5 Bd6 14. Nb3
b5 15. Qd2 Kf8 16. Kb1 a5 17. Bxb5 a4 18. Nc1 Rb8 19. Bxa4 Nc5 20. Bb3 Bf5 21.
Qe2 Kg7 22. g4 Be4 23. Rhf1 f5 24. gxf5 gxf5 25. Rf2 Kh7 26. Qh5 Rhg8 27. Re1
Rbf8 28. Re3 f4 29. Rc3 Bf5 30. Qd1 Rg4 31. Nd3 Rxh4 32. Rg2 Qe7 33. Nxc5 Bxc5
34. d6 Qxd6 35. Rd2 Bd4 36. Rc4 Rg4 37. Ka1 Qg6 38. Rdxd4 exd4 39. Rc7+ Kh8 40.
Qxd4+ Qf6 41. Qf2 Qd6 0-1

[Event "OLNW 1819 HSK Lister Turm - SF Hannover"]
[Site "?"]
[Date "2019.01.20"]
[Round "5.4"]
[White "Hoerstmann, Martin"]
[Black "Kaimer, Thomas"]
[Result "1/2-1/2"]
[WhiteElo "2243"]
[BlackElo "2138"]
[PlyCount "39"]
[EventDate "2019.??.??"]

1. d4 Nf6 2. Nf3 d5 3. c4 e6 4. g3 Be7 5. Bg2 O-O 6. O-O c5 7. cxd5 Nxd5 8. e4
Nb6 9. Nc3 cxd4 10. Nxd4 Bf6 11. Ndb5 Nc6 12. Qb3 Bxc3 13. Nxc3 Nd4 14. Qd1 e5
15. b3 Be6 16. Bb2 f6 17. Ne2 Nc6 18. Nc3 Nd4 19. Qd3 Rf7 20. Nb5 {(=)} 1/2-1/2